[Event "DVM U12 2023"]
[Site "Magdeburg GER"]
[Date "2023.12.29"]
[Round "5"]
[White "Li, Yunqi"]
[Black "Nguyen, Thanh An"]
[Result "1/2-1/2"]
[Termination "normal"]
[Board "1.1"]
[WhiteElo "1667"]
[BlackElo "1577"]
[WhiteClock "00:28:18"]
[BlackClock "00:57:00"]
[WhiteTeam "SF 59 Kornwestheim"]
[BlackTeam "SV Dresden-Striesen 1990"]
[PlyCount "87"]
[WhiteFideId "34610618"]
[BlackFideId "34627804"]
[EventCountry "GER"]
[EventRounds "7"]
[EventType "team-swiss"]
[EventDate "2023.12.26"]

1. e4 {[%clk 01:30:56]} {[%emt 00:00:04]} c6 {[%clk 01:30:54]} {[%emt
00:00:07]} 2. d4 {[%clk 01:31:22]} {[%emt 00:00:04]} d5 {[%clk 01:31:20]}
{[%emt 00:00:05]} 3. exd5 {[%clk 01:31:42]} {[%emt 00:00:09]} cxd5 {[%emt
00:00:07]} 4. c4 {[%clk 01:32:07]} {[%emt 00:00:04]} Nf6 {[%clk 01:32:07]}
{[%emt 00:00:06]} 5. Nc3 {[%clk 01:32:33]} {[%emt 00:00:05]} e6 {[%clk
01:32:32]} {[%emt 00:00:05]} 6. Bg5 {[%clk 01:32:48]} {[%emt 00:00:14]} Be7
{[%clk 01:32:04]} {[%emt 00:00:57]} 7. Nf3 {[%clk 01:30:39]} {[%emt 00:02:40]}
a6 {[%clk 01:31:20]} {[%emt 00:01:15]} 8. a3 {[%clk 01:23:51]} {[%emt
00:07:19]} dxc4 {[%clk 01:28:08]} {[%emt 00:03:41]} 9. Bxc4 {[%clk 01:23:09]}
{[%emt 00:01:12]} b5 {[%clk 01:27:48]} {[%emt 00:00:50]} 10. Ba2 {[%clk
01:23:20]} {[%emt 00:00:18]} Bb7 {[%clk 01:28:12]} {[%emt 00:00:07]} 11. O-O
{[%clk 01:23:02]} {[%emt 00:00:47]} O-O {[%clk 01:28:21]} {[%emt 00:00:20]} 12.
Qe2 {[%clk 01:20:36]} {[%emt 00:02:58]} Nbd7 {[%clk 01:25:05]} {[%emt
00:03:45]} 13. Rad1 {[%clk 01:17:02]} {[%emt 00:04:04]} Nb6 {[%clk 01:25:14]}
{[%emt 00:00:22]} 14. Ne5 {[%clk 01:09:41]} {[%emt 00:07:51]} Nfd5 {[%clk
01:22:32]} {[%emt 00:03:12]} 15. Nxd5 {[%clk 00:53:42]} {[%emt 00:16:29]} Nxd5
{[%clk 01:20:59]} {[%emt 00:02:03]} 16. Bc1 {[%clk 00:53:39]} {[%emt 00:00:33]}
Nf6 {[%clk 00:54:57]} {[%emt 00:26:32]} 17. Rfe1 {[%clk 00:43:25]} {[%emt
00:10:44]} Rc8 {[%clk 00:48:30]} {[%emt 00:06:57]} 18. Bb1 {[%clk 00:41:50]}
{[%emt 00:02:06]} Qd5 {[%clk 00:48:14]} {[%emt 00:00:46]} 19. f3 {[%clk
00:41:11]} {[%emt 00:01:09]} Rfd8 {[%clk 00:42:19]} {[%emt 00:06:24]} 20. Bg5
{[%clk 00:34:08]} {[%emt 00:07:33]} Qd6 {[%clk 00:37:34]} {[%emt 00:05:14]} 21.
Qd3 {[%clk 00:20:40]} {[%emt 00:13:59]} g6 {[%clk 00:35:32]} {[%emt 00:02:32]}
22. Ba2 {[%clk 00:14:00]} {[%emt 00:07:11]} Bd5 {[%clk 00:35:41]} {[%emt
00:00:21]} 23. Bxd5 {[%clk 00:12:25]} {[%emt 00:02:04]} Nxd5 {[%clk 00:35:41]}
{[%emt 00:00:30]} 24. Bxe7 {[%clk 00:08:35]} {[%emt 00:04:20]} Nxe7 {[%clk
00:35:54]} {[%emt 00:00:17]} 25. Ng4 {[%clk 00:05:47]} {[%emt 00:03:17]} Kg7
{[%clk 00:36:03]} {[%emt 00:00:22]} 26. Qd2 {[%clk 00:04:42]} {[%emt 00:01:35]}
Nf5 {[%clk 00:36:03]} {[%emt 00:00:30]} 27. Qg5 {[%clk 00:04:26]} {[%emt
00:00:45]} Qe7 {[%clk 00:36:23]} {[%emt 00:00:10]} 28. Qf4 {[%clk 00:02:02]}
{[%emt 00:02:54]} h5 {[%clk 00:35:41]} {[%emt 00:01:12]} 29. Ne3 {[%clk
00:01:08]} {[%emt 00:01:24]} Nxe3 {[%clk 00:35:47]} {[%emt 00:00:25]} 30. Qxe3
{[%clk 00:01:31]} {[%emt 00:00:06]} Rd5 {[%clk 00:36:14]} {[%emt 00:00:03]} 31.
Qe4 {[%clk 00:01:20]} {[%emt 00:00:41]} Rcd8 {[%clk 00:36:22]} {[%emt
00:00:22]} 32. Re2 {[%clk 00:01:20]} {[%emt 00:00:30]} Qd6 {[%clk 00:35:35]}
{[%emt 00:01:15]} 33. Red2 {[%clk 00:00:40]} {[%emt 00:01:13]} e5 {[%clk
00:34:47]} {[%emt 00:01:18]} 34. Rd3 {[%clk 00:00:42]} {[%emt 00:00:28]} exd4
{[%clk 00:34:30]} {[%emt 00:00:46]} 35. Kh1 {[%clk 00:00:49]} {[%emt 00:00:22]}
a5 {[%clk 00:32:21]} {[%emt 00:02:40]} 36. h3 {[%clk 00:00:49]} {[%emt
00:00:30]} a4 {[%clk 00:31:40]} {[%emt 00:01:11]} 37. Qe1 {[%clk 00:00:55]}
{[%emt 00:00:24]} Rc8 {[%clk 00:31:20]} {[%emt 00:00:50]} 38. Qd2 {[%clk
00:00:34]} {[%emt 00:00:51]} Rc4 {[%clk 00:31:25]} {[%emt 00:00:26]} 39. Qf2
{[%clk 00:00:34]} {[%emt 00:00:30]} Qc5 {[%clk 00:31:39]} {[%emt 00:00:16]} 40.
R1d2 {[%clk 00:00:39]} {[%emt 00:00:25]} b4 {[%clk 00:31:42]} {[%emt 00:00:27]}
41. axb4 {[%clk 00:00:32]} {[%emt 00:00:38]} Qxb4 {[%clk 00:30:51]} {[%emt
00:01:20]} 42. f4 {[%clk 00:29:00]} {[%emt 00:02:02]} Qd6 {[%clk 01:00:45]}
{[%emt 00:00:36]} 43. Rd1 {[%clk 00:28:18]} {[%emt 00:01:12]} Qc5 {[%clk
00:57:00]} {[%emt 00:04:16]} 44. R1d2 {[%emt 00:01:34]} 1/2-1/2

[Event "DVM U12 2023"]
[Site "Magdeburg GER"]
[Date "2023.12.29"]
[Round "5"]
[White "Thoms, Eric"]
[Black "Retzlaff, Nick"]
[Result "0-1"]
[Termination "normal"]
[Board "1.2"]
[WhiteElo "1297"]
[BlackElo "1527"]
[WhiteClock "01:47:31"]
[BlackClock "00:21:19"]
[WhiteTeam "SV Dresden-Striesen 1990"]
[BlackTeam "SF 59 Kornwestheim"]
[PlyCount "136"]
[WhiteFideId "34623450"]
[BlackFideId "34610367"]
[EventCountry "GER"]
[EventRounds "7"]
[EventType "team-swiss"]
[EventDate "2023.12.26"]

1. e4 {[%clk 01:30:59]} c5 {[%clk 01:30:51]} {[%emt 00:00:10]} 2. Nf3 {[%clk
01:31:24]} {[%emt 00:00:05]} e6 {[%clk 01:31:15]} {[%emt 00:00:06]} 3. d4
{[%clk 01:31:48]} {[%emt 00:00:05]} cxd4 {[%clk 01:31:33]} {[%emt 00:00:12]} 4.
Nxd4 {[%clk 01:32:10]} {[%emt 00:00:07]} Nc6 {[%clk 01:31:45]} {[%emt
00:00:19]} 5. c4 {[%clk 01:32:32]} {[%emt 00:00:08]} Nf6 {[%clk 01:31:49]}
{[%emt 00:00:26]} 6. Nc3 {[%clk 01:32:56]} {[%emt 00:00:06]} Bb4 {[%clk
01:27:20]} {[%emt 00:04:59]} 7. Nxc6 {[%clk 01:32:43]} {[%emt 00:00:43]} bxc6
{[%clk 01:27:08]} {[%emt 00:00:42]} 8. Bd3 {[%clk 01:33:04]} {[%emt 00:00:09]}
e5 {[%clk 01:17:11]} {[%emt 00:10:28]} 9. O-O {[%clk 01:33:03]} {[%emt
00:00:31]} O-O {[%clk 01:16:00]} {[%emt 00:01:41]} 10. Kh1 {[%clk 01:33:07]}
{[%emt 00:00:25]} d5 {[%clk 01:12:46]} {[%emt 00:03:45]} 11. cxd5 {[%clk
01:33:31]} {[%emt 00:00:06]} Bxc3 {[%clk 01:13:02]} {[%emt 00:00:14]} 12. bxc3
{[%clk 01:33:54]} {[%emt 00:00:07]} cxd5 {[%clk 01:13:19]} {[%emt 00:00:13]}
13. exd5 {[%clk 01:34:08]} {[%emt 00:00:15]} Qxd5 {[%clk 01:08:05]} {[%emt
00:05:44]} 14. Qe2 {[%clk 01:34:16]} {[%emt 00:00:22]} Bb7 {[%clk 01:04:53]}
{[%emt 00:03:43]} 15. f3 {[%clk 01:34:39]} {[%emt 00:00:06]} e4 {[%clk
01:02:54]} {[%emt 00:02:30]} 16. fxe4 {[%clk 01:34:58]} {[%emt 00:00:11]} Nxe4
{[%clk 01:00:03]} {[%emt 00:03:21]} 17. Bc4 {[%clk 01:31:06]} {[%emt 00:04:22]}
Qc6 {[%clk 00:57:17]} {[%emt 00:03:11]} 18. Be3 {[%clk 01:27:53]} {[%emt
00:03:47]} Nxc3 {[%clk 00:48:26]} {[%emt 00:09:22]} 19. Qg4 {[%clk 01:28:14]}
{[%emt 00:00:09]} h5 {[%clk 00:47:40]} {[%emt 00:01:17]} 20. Qf3 {[%clk
01:28:02]} {[%emt 00:00:40]} Qxf3 {[%clk 00:46:11]} {[%emt 00:02:00]} 21. gxf3
{[%clk 01:28:24]} {[%emt 00:00:09]} Nd5 {[%clk 00:42:18]} {[%emt 00:04:22]} 22.
Bd4 {[%clk 01:27:49]} {[%emt 00:01:05]} Rfd8 {[%clk 00:33:59]} {[%emt
00:08:48]} 23. Rab1 {[%clk 01:27:02]} {[%emt 00:01:16]} Bc6 {[%clk 00:31:21]}
{[%emt 00:03:09]} 24. Bb5 {[%clk 01:26:40]} {[%emt 00:00:52]} Bxb5 {[%clk
00:25:16]} {[%emt 00:06:36]} 25. Rxb5 {[%clk 01:27:02]} {[%emt 00:00:08]} Nc7
{[%clk 00:23:13]} {[%emt 00:02:32]} 26. Rb4 {[%clk 01:27:18]} {[%emt 00:00:14]}
Ne6 {[%clk 00:22:02]} {[%emt 00:01:42]} 27. Be3 {[%clk 01:26:13]} {[%emt
00:01:34]} Rd3 {[%clk 00:21:33]} {[%emt 00:00:59]} 28. Re1 {[%clk 01:26:30]}
{[%emt 00:00:13]} Nc7 {[%clk 00:20:47]} {[%emt 00:01:12]} 29. Rd4 {[%clk
01:24:58]} {[%emt 00:02:06]} Rxd4 {[%clk 00:20:15]} {[%emt 00:01:03]} 30. Bxd4
{[%clk 01:25:20]} {[%emt 00:00:08]} Nb5 {[%clk 00:19:25]} {[%emt 00:01:20]} 31.
Bb2 {[%clk 01:24:55]} {[%emt 00:00:55]} g6 {[%clk 00:15:54]} {[%emt 00:04:00]}
32. Re5 {[%clk 01:24:01]} {[%emt 00:01:24]} Nd6 {[%clk 00:14:02]} {[%emt
00:02:23]} 33. Rd5 {[%clk 01:23:34]} {[%emt 00:00:56]} Nf5 {[%clk 00:13:01]}
{[%emt 00:01:31]} 34. Rb5 {[%clk 01:23:09]} {[%emt 00:00:55]} a6 {[%clk
00:12:46]} {[%emt 00:00:46]} 35. Rb7 {[%clk 01:22:34]} {[%emt 00:01:04]} Re8
{[%clk 00:10:45]} {[%emt 00:02:31]} 36. Kg1 {[%clk 01:22:28]} {[%emt 00:00:35]}
Ne3 {[%clk 00:08:20]} {[%emt 00:02:56]} 37. Bd4 {[%clk 01:21:22]} {[%emt
00:01:35]} Nc2 {[%clk 00:07:45]} {[%emt 00:01:06]} 38. Bc3 {[%clk 01:21:33]}
{[%emt 00:00:18]} Kf8 {[%clk 00:06:17]} {[%emt 00:01:57]} 39. Kf2 {[%clk
01:21:00]} {[%emt 00:01:05]} Ne3 {[%clk 00:05:00]} {[%emt 00:01:44]} 40. Bd4
{[%clk 01:20:54]} {[%emt 00:00:38]} Nf5 {[%clk 00:04:36]} {[%emt 00:00:53]} 41.
Bb2 {[%clk 01:20:43]} {[%emt 00:00:41]} Rc8 {[%clk 00:00:32]} {[%emt 00:04:32]}
42. Rb6 {[%clk 01:17:43]} {[%emt 00:03:33]} a5 {[%clk 00:29:35]} {[%emt
00:01:27]} 43. Ba3+ {[%clk 01:45:49]} {[%emt 00:02:24]} Kg7 {[%clk 00:25:41]}
{[%emt 00:04:24]} 44. Rb5 {[%clk 01:44:32]} {[%emt 00:01:47]} Rc2+ {[%clk
00:25:38]} {[%emt 00:00:32]} 45. Kg1 {[%clk 01:44:50]} {[%emt 00:00:12]} Nh4
{[%clk 00:24:37]} {[%emt 00:01:31]} 46. Rxa5 {[%clk 01:44:14]} {[%emt
00:01:07]} Nxf3+ {[%clk 00:24:46]} {[%emt 00:00:21]} 47. Kf1 {[%clk 01:44:36]}
{[%emt 00:00:07]} Nd2+ {[%clk 00:24:22]} {[%emt 00:00:55]} 48. Ke1 {[%clk
01:44:48]} {[%emt 00:00:17]} Nc4 {[%clk 00:24:13]} {[%emt 00:00:40]} 49. Ra4
{[%clk 01:44:48]} {[%emt 00:00:30]} Nxa3 {[%clk 00:24:29]} {[%emt 00:00:14]}
50. Rxa3 {[%clk 01:45:11]} {[%emt 00:00:07]} Rxh2 {[%clk 00:24:53]} {[%emt
00:00:07]} 51. Ra8 {[%clk 01:45:13]} {[%emt 00:00:27]} h4 {[%clk 00:24:45]}
{[%emt 00:00:38]} 52. a4 {[%clk 01:45:26]} {[%emt 00:00:17]} Ra2 {[%clk
00:24:50]} {[%emt 00:00:25]} 53. Kf1 {[%clk 01:45:41]} {[%emt 00:00:15]} h3
{[%clk 00:24:33]} {[%emt 00:00:48]} 54. Kg1 {[%clk 01:46:06]} {[%emt 00:00:05]}
h2+ {[%clk 00:23:40]} {[%emt 00:01:23]} 55. Kh1 {[%clk 01:46:29]} {[%emt
00:00:07]} f5 {[%clk 00:23:33]} {[%emt 00:00:37]} 56. Rb8 {[%clk 01:45:57]}
{[%emt 00:01:01]} Rxa4 {[%clk 00:23:39]} {[%emt 00:00:24]} 57. Kxh2 {[%clk
01:46:21]} {[%emt 00:00:07]} Ra3 {[%clk 00:23:33]} {[%emt 00:00:36]} 58. Kg2
{[%clk 01:46:15]} {[%emt 00:00:36]} Kf6 {[%clk 00:22:19]} {[%emt 00:01:42]} 59.
Rb2 {[%clk 01:46:24]} {[%emt 00:00:22]} Kg5 {[%clk 00:22:11]} {[%emt 00:00:38]}
60. Rc2 {[%clk 01:46:28]} {[%emt 00:00:44]} Kg4 {[%clk 00:22:05]} {[%emt
00:00:37]} 61. Kf2 {[%clk 01:46:31]} {[%emt 00:00:28]} f4 {[%clk 00:21:42]}
{[%emt 00:00:52]} 62. Rb2 {[%clk 01:46:38]} {[%emt 00:00:23]} g5 {[%clk
00:21:38]} {[%emt 00:00:34]} 63. Rc2 {[%clk 01:47:01]} {[%emt 00:00:06]} Re3
{[%clk 00:20:56]} {[%emt 00:01:13]} 64. Ra2 {[%clk 01:47:10]} {[%emt 00:00:21]}
Re4 {[%clk 00:21:11]} {[%emt 00:00:16]} 65. Rb2 {[%clk 01:46:40]} {[%emt
00:00:59]} f3 {[%clk 00:20:56]} {[%emt 00:00:45]} 66. Rb3 {[%clk 01:46:56]}
{[%emt 00:00:14]} Re2+ {[%clk 00:21:12]} {[%emt 00:00:14]} 67. Kf1 {[%clk
01:47:19]} {[%emt 00:00:07]} Kg3 {[%clk 00:21:08]} {[%emt 00:00:34]} 68. Rb1
{[%clk 01:47:31]} {[%emt 00:00:17]} Rh2 {[%clk 00:21:19]} {[%emt 00:00:20]} 0-1

[Event "DVM U12 2023"]
[Site "Magdeburg GER"]
[Date "2023.12.29"]
[Round "5"]
[White "Bodriyenko, Daniel"]
[Black "Jahn, Gustav"]
[Result "1/2-1/2"]
[Termination "normal"]
[Board "1.3"]
[WhiteElo "1458"]
[BlackElo "1304"]
[WhiteClock "00:06:16"]
[BlackClock "00:43:45"]
[WhiteTeam "SF 59 Kornwestheim"]
[BlackTeam "SV Dresden-Striesen 1990"]
[PlyCount "72"]
[WhiteFideId "34606718"]
[BlackFideId "34666605"]
[EventCountry "GER"]
[EventRounds "7"]
[EventType "team-swiss"]
[EventDate "2023.12.26"]

1. e4 {[%clk 01:30:50]} {[%emt 00:00:09]} e6 {[%clk 01:30:51]} {[%emt
00:00:09]} 2. d4 {[%clk 01:31:09]} {[%emt 00:00:10]} d5 {[%clk 01:31:14]}
{[%emt 00:00:07]} 3. e5 {[%clk 01:31:20]} {[%emt 00:00:19]} c5 {[%clk
01:31:36]} {[%emt 00:00:09]} 4. c3 {[%clk 01:31:28]} {[%emt 00:00:22]} Nc6
{[%clk 01:31:56]} {[%emt 00:00:10]} 5. Nf3 {[%clk 01:31:27]} {[%emt 00:00:30]}
Nge7 {[%clk 01:32:00]} {[%emt 00:00:27]} 6. Be3 {[%clk 01:30:50]} {[%emt
00:01:06]} Nf5 {[%clk 01:32:16]} {[%emt 00:00:14]} 7. Nbd2 {[%clk 01:30:26]}
{[%emt 00:00:53]} Nxe3 {[%clk 01:32:24]} {[%emt 00:00:23]} 8. fxe3 {[%clk
01:30:25]} {[%emt 00:00:30]} Be7 {[%clk 01:32:25]} {[%emt 00:00:29]} 9. e4
{[%clk 01:24:11]} {[%emt 00:06:44]} dxe4 {[%clk 01:30:01]} {[%emt 00:02:55]}
10. Nxe4 {[%clk 01:19:27]} {[%emt 00:05:14]} cxd4 {[%clk 01:30:16]} {[%emt
00:00:15]} 11. cxd4 {[%clk 01:17:48]} {[%emt 00:02:09]} Bb4+ {[%clk 01:30:10]}
{[%emt 00:00:36]} 12. Nc3 {[%clk 01:16:34]} {[%emt 00:01:43]} O-O {[%clk
01:30:26]} {[%emt 00:00:15]} 13. Bb5 {[%clk 01:14:46]} {[%emt 00:02:18]} Qa5
{[%clk 01:27:28]} {[%emt 00:03:28]} 14. Qd3 {[%clk 01:08:49]} {[%emt 00:06:25]}
h6 {[%clk 01:24:29]} {[%emt 00:03:30]} 15. O-O {[%clk 01:07:27]} {[%emt
00:01:52]} Bd7 {[%clk 01:21:59]} {[%emt 00:03:02]} 16. Bc4 {[%clk 00:58:59]}
{[%emt 00:08:56]} Rfd8 {[%clk 01:20:36]} {[%emt 00:01:52]} 17. Ne4 {[%clk
00:40:23]} {[%emt 00:19:07]} Be8 {[%clk 01:18:36]} {[%emt 00:02:31]} 18. Rad1
{[%clk 00:24:42]} {[%emt 00:16:10]} Rac8 {[%clk 01:13:49]} {[%emt 00:05:15]}
19. d5 {[%clk 00:20:31]} {[%emt 00:04:43]} exd5 {[%clk 01:13:09]} {[%emt
00:01:10]} 20. Neg5 {[%clk 00:14:15]} {[%emt 00:06:45]} hxg5 {[%clk 01:04:49]}
{[%emt 00:08:51]} 21. Nxg5 {[%clk 00:14:13]} {[%emt 00:00:32]} Qb6+ {[%clk
01:03:06]} {[%emt 00:02:12]} 22. Kh1 {[%clk 00:12:43]} {[%emt 00:02:47]} Nd4
{[%clk 00:57:44]} {[%emt 00:07:47]} 23. Qh7+ {[%clk 00:08:45]} {[%emt
00:04:28]} Kf8 {[%clk 00:57:59]} {[%emt 00:00:14]} 24. Rxd4 {[%clk 00:08:25]}
{[%emt 00:00:51]} Qh6 {[%clk 00:56:24]} {[%emt 00:02:06]} 25. Bxd5 {[%clk
00:07:00]} {[%emt 00:01:55]} Qxh7 {[%clk 00:55:33]} {[%emt 00:01:21]} 26. Nxh7+
{[%clk 00:06:59]} {[%emt 00:00:32]} Kg8 {[%clk 00:53:54]} {[%emt 00:02:08]} 27.
Ng5 {[%clk 00:07:03]} {[%emt 00:00:27]} Be7 {[%clk 00:49:10]} {[%emt 00:05:14]}
28. Nxf7 {[%clk 00:06:15]} {[%emt 00:01:18]} Rxd5 {[%clk 00:47:54]} {[%emt
00:01:46]} 29. Rxd5 {[%clk 00:05:53]} {[%emt 00:00:53]} Bxf7 {[%clk 00:48:14]}
{[%emt 00:00:09]} 30. Rd7 {[%clk 00:06:12]} {[%emt 00:00:11]} Re8 {[%clk
00:47:04]} {[%emt 00:01:40]} 31. Rxb7 {[%clk 00:06:22]} {[%emt 00:00:20]} Bxa2
{[%clk 00:46:51]} {[%emt 00:00:44]} 32. Rxa7 {[%clk 00:06:41]} {[%emt
00:00:11]} Bc4 {[%clk 00:46:52]} {[%emt 00:00:28]} 33. Re1 {[%clk 00:06:56]}
{[%emt 00:00:14]} Bd6 {[%clk 00:44:28]} {[%emt 00:02:55]} 34. h3 {[%clk
00:07:01]} {[%emt 00:00:25]} Rxe5 {[%clk 00:44:20]} {[%emt 00:00:37]} 35. Rxe5
{[%clk 00:06:03]} {[%emt 00:01:29]} Bxe5 {[%clk 00:44:38]} {[%emt 00:00:12]}
36. b4 {[%clk 00:06:16]} {[%emt 00:00:17]} Bd6 {[%clk 00:43:45]} {[%emt
00:01:22]} 1/2-1/2

[Event "DVM U12 2023"]
[Site "Magdeburg GER"]
[Date "2023.12.29"]
[Round "5"]
[White "Xu, Wanghan"]
[Black "Hasanovic, Arian"]
[Result "0-1"]
[Termination "normal"]
[Board "1.4"]
[WhiteElo "1275"]
[BlackElo "1339"]
[WhiteClock "00:53:19"]
[BlackClock "00:25:29"]
[WhiteTeam "SV Dresden-Striesen 1990"]
[BlackTeam "SF 59 Kornwestheim"]
[PlyCount "132"]
[WhiteFideId "34608745"]
[BlackFideId "34610391"]
[EventCountry "GER"]
[EventRounds "7"]
[EventType "team-swiss"]
[EventDate "2023.12.26"]

1. d4 {[%clk 01:30:58]} {[%emt 00:12:50]} d5 {[%clk 01:30:54]} {[%emt
00:00:06]} 2. c4 {[%clk 01:30:48]} {[%emt 00:00:39]} c6 {[%clk 01:31:17]}
{[%emt 00:00:08]} 3. e3 {[%clk 01:30:44]} {[%emt 00:00:34]} Nf6 {[%clk
01:31:19]} {[%emt 00:00:28]} 4. Nc3 {[%clk 01:31:05]} {[%emt 00:00:09]} Bf5
{[%clk 01:30:11]} {[%emt 00:01:38]} 5. Nf3 {[%clk 01:30:22]} {[%emt 00:01:13]}
e6 {[%clk 01:29:10]} {[%emt 00:01:30]} 6. cxd5 {[%clk 01:29:38]} {[%emt
00:01:15]} exd5 {[%clk 01:28:38]} {[%emt 00:01:02]} 7. Bd3 {[%clk 01:29:23]}
{[%emt 00:00:44]} Bxd3 {[%clk 01:20:41]} {[%emt 00:08:28]} 8. Qxd3 {[%clk
01:29:43]} {[%emt 00:00:10]} Nbd7 {[%clk 01:20:05]} {[%emt 00:01:06]} 9. Bd2
{[%clk 01:28:17]} {[%emt 00:01:56]} Bd6 {[%clk 01:19:20]} {[%emt 00:01:10]} 10.
h3 {[%clk 01:27:05]} {[%emt 00:01:47]} Qc7 {[%clk 01:17:21]} {[%emt 00:02:27]}
11. Qc2 {[%clk 01:26:10]} {[%emt 00:01:27]} h6 {[%clk 01:09:33]} {[%emt
00:08:19]} 12. Qb3 {[%clk 01:20:46]} {[%emt 00:05:54]} Nb6 {[%clk 01:06:34]}
{[%emt 00:03:28]} 13. O-O {[%clk 01:00:10]} {[%emt 00:21:06]} O-O {[%clk
00:47:25]} {[%emt 00:19:40]} 14. Rac1 {[%clk 00:59:33]} {[%emt 00:01:07]} a6
{[%clk 00:44:19]} {[%emt 00:03:36]} 15. Nb1 {[%clk 00:55:11]} {[%emt 00:04:51]}
Nc4 {[%clk 00:29:11]} {[%emt 00:15:36]} 16. Bb4 {[%clk 00:53:56]} {[%emt
00:01:46]} Ne4 {[%clk 00:23:33]} {[%emt 00:06:06]} 17. Bxd6 {[%clk 00:52:22]}
{[%emt 00:02:08]} Ncxd6 {[%clk 00:23:07]} {[%emt 00:00:54]} 18. Nc3 {[%clk
00:52:04]} {[%emt 00:00:49]} Nxc3 {[%clk 00:22:51]} {[%emt 00:00:47]} 19. Qxc3
{[%clk 00:51:59]} {[%emt 00:00:34]} Ne4 {[%clk 00:22:42]} {[%emt 00:00:39]} 20.
Qd3 {[%clk 00:51:55]} {[%emt 00:00:34]} Rfe8 {[%clk 00:21:14]} {[%emt
00:01:55]} 21. Nd2 {[%clk 00:51:40]} {[%emt 00:00:47]} Nxd2 {[%clk 00:17:03]}
{[%emt 00:04:41]} 22. Qxd2 {[%clk 00:51:31]} {[%emt 00:00:39]} Re6 {[%clk
00:16:58]} {[%emt 00:00:35]} 23. Qe2 {[%clk 00:50:49]} {[%emt 00:01:12]} Rae8
{[%clk 00:16:37]} {[%emt 00:00:50]} 24. Qf3 {[%clk 00:51:01]} {[%emt 00:00:19]}
Qd7 {[%clk 00:15:58]} {[%emt 00:01:08]} 25. Qg4 {[%clk 00:44:42]} {[%emt
00:06:51]} Qd6 {[%clk 00:13:40]} {[%emt 00:02:44]} 26. a3 {[%clk 00:43:31]}
{[%emt 00:01:44]} Rg6 {[%clk 00:12:42]} {[%emt 00:01:27]} 27. Qf3 {[%clk
00:43:25]} {[%emt 00:00:37]} Ree6 {[%clk 00:11:48]} {[%emt 00:01:23]} 28. g3
{[%clk 00:42:08]} {[%emt 00:01:49]} Ref6 {[%clk 00:10:36]} {[%emt 00:01:41]}
29. Qg2 {[%clk 00:41:56]} {[%emt 00:00:43]} Rf5 {[%clk 00:08:12]} {[%emt
00:02:51]} 30. Rc5 {[%clk 00:33:43]} {[%emt 00:08:45]} Rfg5 {[%clk 00:07:08]}
{[%emt 00:01:33]} 31. g4 {[%clk 00:31:05]} {[%emt 00:03:10]} h5 {[%clk
00:06:23]} {[%emt 00:01:13]} 32. f4 {[%clk 00:30:27]} {[%emt 00:01:09]} Rxg4
{[%clk 00:06:28]} {[%emt 00:00:25]} 33. hxg4 {[%clk 00:30:49]} {[%emt
00:00:09]} Rxg4 {[%clk 00:06:39]} {[%emt 00:00:18]} 34. Qxg4 {[%clk 00:30:20]}
{[%emt 00:00:59]} hxg4 {[%clk 00:07:00]} {[%emt 00:00:09]} 35. Kg2 {[%clk
00:29:10]} {[%emt 00:01:41]} Qe6 {[%clk 00:06:41]} {[%emt 00:00:47]} 36. Rc3
{[%clk 00:28:34]} {[%emt 00:01:07]} Qe4+ {[%clk 00:05:57]} {[%emt 00:01:13]}
37. Kg3 {[%clk 00:28:20]} {[%emt 00:00:46]} g6 {[%clk 00:05:22]} {[%emt
00:01:03]} 38. Kxg4 {[%clk 00:28:23]} {[%emt 00:00:28]} Qg2+ {[%clk 00:05:37]}
{[%emt 00:00:13]} 39. Kh4 {[%clk 00:28:29]} {[%emt 00:00:27]} Qxf1 {[%clk
00:05:36]} {[%emt 00:00:31]} 40. Kg3 {[%clk 00:27:16]} {[%emt 00:01:42]} Qg1+
{[%clk 00:04:39]} {[%emt 00:01:27]} 41. Kf3 {[%clk 00:27:02]} {[%emt 00:00:44]}
f5 {[%clk 00:04:36]} {[%emt 00:00:32]} 42. Rc2 {[%clk 00:24:45]} {[%emt
00:02:49]} Qg4+ {[%clk 00:02:48]} {[%emt 00:02:17]} 43. Kf2 {[%clk 00:24:51]}
{[%emt 00:00:24]} Qh4+ {[%clk 00:29:32]} {[%emt 00:03:47]} 44. Ke2 {[%clk
00:54:10]} {[%emt 00:01:10]} g5 {[%clk 00:28:41]} {[%emt 00:01:20]} 45. fxg5
{[%clk 00:54:22]} {[%emt 00:00:19]} Qxg5 {[%clk 00:28:28]} {[%emt 00:00:43]}
46. Kf3 {[%clk 00:53:21]} {[%emt 00:01:31]} Qg4+ {[%clk 00:28:29]} {[%emt
00:00:27]} 47. Kf2 {[%clk 00:53:39]} {[%emt 00:00:13]} Kf7 {[%clk 00:27:38]}
{[%emt 00:01:22]} 48. Ke1 {[%clk 00:53:00]} {[%emt 00:01:09]} Qe4 {[%clk
00:27:14]} {[%emt 00:00:51]} 49. Kd2 {[%clk 00:53:10]} {[%emt 00:00:23]} f4
{[%clk 00:27:07]} {[%emt 00:00:36]} 50. exf4 {[%clk 00:53:01]} {[%emt
00:00:41]} Qxf4+ {[%clk 00:26:54]} {[%emt 00:00:42]} 51. Kd3 {[%clk 00:52:45]}
{[%emt 00:00:47]} Qe4+ {[%clk 00:26:51]} {[%emt 00:00:33]} 52. Kc3 {[%clk
00:52:34]} {[%emt 00:00:40]} Qe3+ {[%clk 00:26:59]} {[%emt 00:00:21]} 53. Kb4
{[%clk 00:52:57]} {[%emt 00:00:08]} Qxd4+ {[%clk 00:26:52]} {[%emt 00:00:37]}
54. Kb3 {[%clk 00:53:12]} {[%emt 00:00:14]} Ke6 {[%clk 00:26:46]} {[%emt
00:00:36]} 55. Ka2 {[%clk 00:53:20]} {[%emt 00:00:22]} Kd6 {[%clk 00:26:20]}
{[%emt 00:00:55]} 56. Rc3 {[%clk 00:53:33]} {[%emt 00:00:19]} b5 {[%clk
00:26:01]} {[%emt 00:00:48]} 57. Kb1 {[%clk 00:53:12]} {[%emt 00:00:52]} b4
{[%clk 00:25:43]} {[%emt 00:00:47]} 58. axb4 {[%clk 00:53:34]} {[%emt
00:00:09]} Qxb4 {[%clk 00:26:01]} {[%emt 00:00:12]} 59. Ka2 {[%clk 00:53:39]}
{[%emt 00:00:24]} d4 {[%clk 00:25:39]} {[%emt 00:00:53]} 60. Ra3 {[%clk
00:53:56]} {[%emt 00:00:13]} Qc4+ {[%clk 00:25:07]} {[%emt 00:01:02]} 61. Kb1
{[%clk 00:54:00]} {[%emt 00:00:18]} d3 {[%clk 00:25:05]} {[%emt 00:00:39]} 62.
Rc3 {[%clk 00:53:28]} {[%emt 00:01:02]} Qe4 {[%clk 00:25:14]} {[%emt 00:00:21]}
63. Ka2 {[%clk 00:53:27]} {[%emt 00:00:31]} d2 {[%clk 00:25:22]} {[%emt
00:00:22]} 64. b4 {[%clk 00:53:08]} {[%emt 00:00:50]} d1=Q {[%clk 00:25:01]}
{[%emt 00:00:51]} 65. b5 {[%clk 00:52:58]} {[%emt 00:00:40]} Qdb1+ {[%clk
00:25:15]} {[%emt 00:00:16]} 66. Ka3 {[%clk 00:53:19]} {[%emt 00:00:09]} Qeb4#
{[%clk 00:25:29]} {[%emt 00:00:15]} 0-1